| 000 | 01671cam a2200373 i 4500 | ||
|---|---|---|---|
| 001 | 016700002730970 | ||
| 003 | CZ PrSKC | ||
| 005 | 20260402111538.0 | ||
| 007 | ta | ||
| 008 | 220331s2022 xr a d 6 000 1 cze d | ||
| 020 |
_a9788076791374 _cKč 229,00 |
||
| 040 |
_aCBA001 _bcze _dKVG001 _erda |
||
| 041 | 1 |
_acze _hjpn |
|
| 072 | 7 |
_a741.52 _xKomiksy. Komiksové adaptace _2Konspekt |
|
| 072 | 7 |
_a821-93 _xLiteratura pro děti a mládež (beletrie) _2Konspekt |
|
| 080 |
_a741.52(0:82-32) _2MRF |
||
| 080 |
_a(0.053.6) _2MRF |
||
| 080 |
_a821-93 _2MRF |
||
| 100 | 1 |
_aŌima, Yoshitoki, _d1989- _4aut _914373 |
|
| 240 | 1 | 0 |
_aKoe no katachi. _lČesky |
| 245 | 1 | 0 |
_aNěmý hlas. _nKniha čtvrtá / _cJošitoki Óima ; překlad: Eliška Nováková |
| 264 | 1 |
_a[Praha] : _bCrew s.r.o., _c2022 |
|
| 300 |
_a192 nečíslovaných stran : _bilustrace ; _c19 cm |
||
| 490 | 1 | _aCrew manga | |
| 500 | _aPřeloženo z japonštiny | ||
| 500 | _aTištěno zprava doleva ve stylu manga | ||
| 520 | 2 |
_aKomiksová manga série o vztahu kdysi šikanujícího chlapce a neslyšící dívky. _bŠójův život se od opětovného setkání s Nišimijou změnil. Šója se účastní tvorby filmu, který začal na Nagacukův popud. Pozval i Šóko, aby se zúčastnila. Šója tráví s Šóko a dalšími kamarády letní prázdniny a dny bezstarostně plynou. Šója se cítí šťastný, ale v koutku duše má obavy. Ty nakonec způsobí velké problémy. Nakladatelská anotace. Kráceno. |
|
| 653 | 0 | _akreslené příběhy | |
| 655 | 7 |
_amanga _914003 |
|
| 655 | 7 | _apublikace pro mládež | |
| 700 | 1 |
_aNováková, Eliška _4trl _914374 |
|
| 910 | _aABG508 | ||
| 999 |
_c34129 _d34129 |
||